000 00505nam a2200169Ia 4500
005 20250923145734.0
008 008 250917s9999 xx 000 0 eng d
037 _aReference
040 _aDSWL
_beng
_cDSWL
041 _aeng
_2eng
084 _aY120aZp2,N82, N83;1
_qDSWL
245 0 _aNational seminar on child and the law 1982
_cby N.I.P.C.C.D.
260 _aNew Delhi
_bN.I.P.C.C.D.
_c1982
300 _a252p.
942 _cREF
_hY120aZp2,N82, N83;1
999 _c1455047
_d1455047